All Empires of Indonesia by Picture - Statistics

General Stats
  • This quiz has been taken 27 times
  • The average score is 7 of 11
Answer Stats
Picture Hint Answer % Correct
1602 – 1942 Dutch Empire
100%
1942 – 1945 Empire of Japan
100%
1945 – present Republic of Indonesia
100%
1512 – 1605 Portuguese Empire
95%
1293 – 1527 Majapahit Empire
64%
671 – 1288 Srivijaya Empire
50%
1587 – 1755 Mataram
36%
1267 – 1521 Samudera Pasai
32%
1257 – 1914 Ternate
27%
1495 – 1905 Tidore
27%
1475 – 1554 Demak
23%
No matching quizzes found
Score Distribution
Percent of People with Each Score
Percentile by Number Answered
Your Score History
You have not taken this quiz